| 000 | 01032nam a2200277 a 4500 | ||
|---|---|---|---|
| 001 | 000015278 | ||
| 003 | DO-SdBNP | ||
| 005 | 20250204092151.0 | ||
| 008 | 100204s2001 dr 001 p spa d | ||
| 020 | _a9993483958 | ||
| 040 |
_aDO-SdBNP _bspa _cBNPHU |
||
| 082 | 4 |
_aRD861.44 _bL453p _222 |
|
| 100 | 1 |
_aLebrón Saviñon, Mariano _d1922-2014 _97227 |
|
| 245 | 1 | 0 |
_aPoemas de amor / _cMariano Lebrón Saviñón ; compilador Julio Jaime Julia ; prólogo José Rafael Vargas ; edición Tomás Castro Burdiez. |
| 260 |
_aSanto Domingo : _bEl Siglo, _c2001. |
||
| 300 |
_a60 p. ; _c21 cm. |
||
| 590 | _aInventariado, 2018/LP | ||
| 600 | 1 | 0 |
_aLebrón Saviñon, Mariano _d1922-2014 _xCrítica e interpretación _97227 |
| 650 | 0 |
_aPoesía dominicana _966 |
|
| 650 | 0 |
_aLiteratura dominicana. _967 |
|
| 700 | 1 |
_aJulia, Julio Jaime _d1922-1993 _ecomp. _920185 |
|
| 700 | 1 |
_aVargas, José Rafael, _d1956- _epról. _923148 |
|
| 700 |
_aCastro, Tomás, _d1959- _eed. _924641 |
||
| 910 | _aValidado. Control de calidad BNPHU | ||
| 942 |
_2ddc _cLBS1 |
||
| 999 |
_c14844 _d14844 |
||